000 00378nam a22001457a 4500
008 241127b |||||||| |||| 00| 0 eng d
020 _a978156072X
050 _aPR 1109.S94
_b.S94
100 _aSweeney, Eileen
245 _aAnother Country the land of literature
250 _a4th
260 _aEnugu
_bFourth Dimension publishing co.ltd
_c1979
300 _a112
942 _cBK
999 _c1790
_d1790